000 00780nas a2200241 4500
001 BR0801552
003 BR-BrBNA
005 20231205111715.0
007 ta
008 230509b bl.|||p| |||| 00| 00por d
040 _aBR-BrBNA
_bpor
_cBiblioteca Nacional de Agricultura
041 _a(Pt)
072 _aL60; L40
100 1 _aCosta, W.J.E.M.
245 1 _aSistemática e distribuição do gênero Moema (Cyprinodontiformes; Rivulidae), com a descrição de uma nova espécie
650 _aMORFOLOGIA ANIMAL
650 _aTAXONOMIA ANIMAL
650 _aFILOGENIA
650 _aPEIXE
773 0 _tRevista Brasileira de Biologia (Brazil)
_xISSN 0034-7108
_g(Nov 1992), v. 52(4) p. 619-625
_wBR0801552
909 _a202311
_bLúcia
_c55
_dLúcia Elande
942 _2AGRIS
_n0
_cANA
999 _c194071
_d194071